| 000 | 01187nam a2200241Ia 4500 | ||
|---|---|---|---|
| 999 |
_c55010 _d55010 |
||
| 001 | 22081 | ||
| 003 | GE_BSU | ||
| 005 | 20221020134240.0 | ||
| 008 | 181216s ||||ge |||||||||||||| ||geo|| | ||
| 020 | _aISSN 1512-0473 | ||
| 040 | _cGE_BSU | ||
| 041 | _ageo | ||
| 080 | _a81'1 ე-64 | ||
| 245 |
_aენათმეცნიერების საკითხები : _b 2 / _cსარედ. საბჭ. : ელ. ბაბუნაშვილი, ვ. ბოდერი და სხვ. ; სარედ. კოლ. : რ. ასათიანი, თ. ბოლქვაძე, თ. გამყრელიძე (მთ.რედ.) |
||
| 264 |
_aთბილისი : _bთბილ. უნ-ტის გამ-ბა, _c2008. |
||
| 300 |
_a203 გვ. ; _c23 სმ. |
||
| 500 | _aკრებული ეძღვნება გურამ რამიშვილის75-ე წლისთავს | ||
| 504 | _aბიბლოგრაფია გვ. : 201-203 | ||
| 541 | _h8ლ. | ||
| 653 | _aენათმეცნიერება | ||
| 653 | _aენათმეცნიერების საკითხები | ||
| 942 |
_cBK _2udc |
||